Accounting for research and development (Record no. 75603)

MARC details
000 -LEADER
fixed length control field 00768nam a2200169 a 4500
008 - FIXED-LENGTH DATA ELEMENTS--GENERAL INFORMATION
fixed length control field 120416s1976 ||||||||||||||||| || u
050 ## - LIBRARY OF CONGRESS CALL NUMBER
Classification number HF 5681.R35 Bat
100 ## - MAIN ENTRY--PERSONAL NAME
Personal name Batty, Joseph, 1929-
245 10 - TITLE STATEMENT
Title Accounting for research and development
260 ## - PUBLICATION, DISTRIBUTION, ETC.
Place of publication, distribution, etc. London
Name of publisher, distributor, etc. Business Books
Date of publication, distribution, etc. 1976
300 ## - PHYSICAL DESCRIPTION
Extent x, 237p. : ill.
350 ## -
-- 0.00
650 #0 - SUBJECT ADDED ENTRY--TOPICAL TERM
Topical term or geographic name entry element ACCOUNTING--HANDBOOKS, MANUALS, ETC
650 ## - SUBJECT ADDED ENTRY--TOPICAL TERM
Topical term or geographic name entry element RESEARCH AND DEVELOPMENT--ACCOUNTING
995 ## -
-- MAIN LIBRARY OPEN ACCESS
-- 0.00
-- 700689
-- CBU-MAIN LIBRARY (Kitwe)
-- 1
-- 0.00
-- HF 5681.R35 Bat
-- 2
-- AVAILABLE
-- 006789
-- Main Library Open Access Collection
995 ## -
-- MAIN LIBRARY OPEN ACCESS
-- 0.00
-- 715457
-- CBU-MAIN LIBRARY (Kitwe)
-- 2
-- 0.00
-- HF 5681.R35 Bat
-- 1
-- AVAILABLE
-- 006788
-- Main Library Open Access Collection
999 ## -
-- 75603
-- 75603
Holdings
Withdrawn status Lost status Source of classification or shelving scheme Damaged status Not for loan Permanent Location Current Location Shelving location Date acquired Total Checkouts Full call number Barcode Date last seen Copy number Price effective from Koha item type
          CBU-MAIN LIBRARY, KITWE. CBU-MAIN LIBRARY, KITWE.   03/30/2023   HF 5681.R35 Bat 006789 03/30/2023 1 03/30/2023 MONOGRAPH
          CBU-MAIN LIBRARY, KITWE. CBU-MAIN LIBRARY, KITWE.   03/30/2023   HF 5681.R35 Bat 006788 03/30/2023 2 03/30/2023 MONOGRAPH